| 000 | 01056nam a22002895a 4500 | ||
|---|---|---|---|
| 003 | OSt | ||
| 005 | 20180205110322.0 | ||
| 008 | 180205s1994 ua grb 000 0dara d | ||
| 017 | _a94 / 1616 | ||
| 020 | _a9775140714 | ||
| 040 |
_aEG-ScBUE _bara _cEG-ScBUE |
||
| 082 | 0 | 4 |
_a322.1091767 _bأ م ي _222 |
| 100 | 1 | _aأمين، حسين أحمد. | |
| 245 | 1 | 2 |
_aالموقف الحضاري من النزعات الدينية ودراسات أخرى / _cحسين أحمد أمين. |
| 250 | _aط. 1. | ||
| 260 |
_aالقاهرة : _bسينا للنشر، _c1994. |
||
| 300 |
_a258 ص. ؛ _c24 سم. |
||
| 504 | _aيشتمل على إرجاعات ببليوجرافية. | ||
| 650 | 7 |
_aالإسلام والسياسة. _2BUEsh _913370 |
|
| 650 | 7 |
_aالإسلام والإصلاحات السياسية. _2BUEsh |
|
| 650 | 7 |
_aالفرق الإسلامية. _2BUEsh |
|
| 650 | 7 |
_aالمنظمات الإسلامية. _2BUEsh |
|
| 650 | 7 |
_aالفتنة الطائفية _2BUEsh |
|
| 651 | _2BUEsh | ||
| 653 |
_bBUSBOL _bGGEN _cFebruary2018 |
||
| 942 | _2ddc | ||
| 999 |
_c26088 _d26060 |
||